|
|
|
|
| LEADER |
00000nab a2200000 ar4500 |
| 001 |
vtls008409789 |
| 003 |
SK-MaSNL |
| 005 |
20260303070135.0 |
| 008 |
051115c2005 xo mr|p|||||||000 b|slo |
| 015 |
|
|
|a SNBRB2005/11
|2 snkbucl
|
| 038 |
|
|
|a SNKBUCL
|
| 040 |
|
|
|a SNKBUCL
|b slo
|c SNKBUCL
|e AACR2
|
| 041 |
0 |
|
|a slo
|
| 044 |
|
|
|a xo
|c SK
|
| 080 |
|
|
|a 061.2
|x (437.6)
|2 1981
|
| 100 |
1 |
|
|a Košický, Matej
|4 aut
|4 ivr
|9 841915
|
| 245 |
1 |
0 |
|a Zmysluplne, civilne, ale vždy bez pompéznosti
|c Matej Košický
|
| 300 |
|
|
|b Fotogr.
|
| 545 |
1 |
|
|a Pôvodne Nadácia HNclub (august 1993 až júl 1997)
|
| 610 |
2 |
7 |
|a NEF - Hospodársky klub (Slovensko)
|2 snkbucl
|9 81477
|
| 700 |
1 |
|
|a Kasalovský, Peter,
|d 1951-
|4 aut
|4 ive
|9 38156
|
| 773 |
0 |
|
|t Dimenzie
|g Roč. 5., č. 6 (2005), s. 28-31
|x 1335-9959
|
| 852 |
|
|
|a SNK
|b KIS3GCP
|
| 999 |
|
|
|c 1754110
|d 1756040
|